Diseño de una red de servicio de internet para la comunidad de Sabana Grande, Departamento de Madriz

Presenta un diseño de una red que proveerá servicios de internet a la comunidad de Sabana Grande, en el departamento de Madriz. se concluye con un modelo de negocio con el objetivo de estimar el costo básico de implementación para mantener el sistema financieramente sostenible.

Bibliographic Details
Main Authors: Navarrete Castro, Leónidas Alexander, Zambrana Gutiérrez, Steven Elliot
Other Authors: Tutor: Munguía Mena, Marco Antonio
Format: Tesis Section = Libro
Language:Undetermined
Spanish
Published: Managua UNI 2016
Subjects:
LEADER 01235nam a2200289Ia 4500
008 240830s9999 xx 000 0 und d
040 |a BIBLIOTECA-RUSB/ Mon 004.68 N321 
041 |a spa 
082 |a Mon 004.68 N321 
100 1 |a Navarrete Castro, Leónidas Alexander 
100 1 |b Zambrana Gutiérrez, Steven Elliot 
245 1 0 |a Diseño de una red de servicio de internet para la comunidad de Sabana Grande, Departamento de Madriz 
260 |a Managua  |b UNI  |c 2016 
300 |a 174 p. :il. 
500 |a Contiene: anexos e Incluye: CD. 
502 |a Tesis (Ingeniero Electrónico) - UNI, 2016. 
520 3 |a Presenta un diseño de una red que proveerá servicios de internet a la comunidad de Sabana Grande, en el departamento de Madriz. se concluye con un modelo de negocio con el objetivo de estimar el costo básico de implementación para mantener el sistema financieramente sostenible. 
650 7 |a RED DE INTERNET-DISEÑO 
650 7 |b  REDES DE COMUNICACION 
650 7 |c  INTERNET-RED DE COMPUTADORAS 
650 7 |d  TECNOLOGIA WIFI 
650 7 |e  COMUNICACION INALAMBRICA 
650 7 |f  REDES LOCALES 
700 1 |a Tutor:  |b Munguía Mena, Marco Antonio 
942 |c BK  |2 ddc 
991 |a TESIS 
999 |c 19658